01237nam a2200301 a 4500001001200000003000800012006001900020007001500039008004100054020001800095020001800113040002100131035002100152050002500173100003800198245016500236260005200401300001800453504005200471533015200523650002400675650003500699650001200734655002900746710001700775856012600792999001700918ebr10302371CaPaEBRm u cr cn|||||||||091001s2005 ne a sb 000 0 eng d z9789056293796 z9789048509683 aCaPaEBRcCaPaEBR a(OCoLC)64779073614aQP383.2b.M67 2005eb1 aMorris, R. G. M.q(Richard G. M.)10aElements of a neurobiological theory of the hippocampush[electronic resource] :bthe role of activity-dependent synaptic plasticity in memory /cR.G.M. Morris. aAmsterdam :bAmsterdam University Press,c2005. a40 p. :bill. aIncludes bibliographical references (p. 34-41). aElectronic reproduction.bPalo Alto, Calif. :cebrary,d2013.nAvailable via World Wide Web.nAccess may be limited to ebrary affiliated libraries. 0aHippocampus (Brain) 0aNeural networks (Neurobiology) 0aMemory. 7aElectronic books.2local2 aebrary, Inc.40uhttp://site.ebrary.com/lib/rucke/Doc?id=10302371zAn electronic book accessible through the World Wide Web; click to view c68274d68274